000 00524nam a2200205 i 4500
001 bg
100 1 _aKAWĘCKI, Jan
245 1 0 _aBlacharstwo /
_cJan Kawęcki, Jerzy Świdziński, Stefan Zgorzelski.
250 _aWyd. 5.
260 _aWarszawa :
_bWSiP,
_c1974.
650 9 _aBlacha
_xtechnologia
655 _aPodręczniki
700 1 _aŚWIDZIŃSKI, Jerzy
700 1 _aZGORZELSKI, Stefan
040 _cBPK
041 0 _apol
080 _a621.98(07)
942 _cKS
008 s pl f |000 0 pol
999 _c35550
_d35550
856 _uhttp://koha.tu.koszalin.pl/cgi-bin/koha/opac-detail.pl?biblionumber=35550
_yKatalog online BPK